Children and politics.

Gorde:
Xehetasun bibliografikoak
Egile nagusia: Greeinstein, Fred (autor)
Formatua: Liburua
Hizkuntza:ingelesa
Gaiak:
Etiketak: Etiketa erantsi
Etiketarik gabe, Izan zaitez lehena erregistro honi etiketa jartzen!

MARC

LEADER 00000cam^a2200000uu^4500
001 000490226
005 20250521000000.0
008 030411s1967^^^^^^^^^^^^rd^r^^000^0^eng^d
009 20260310125350.272
035 |a FCE 000033436 
035 |a FCE 024781 
037 |a Acervo ITESO - Biblioteca 
041 |a eng 
082 0 4 |a 372.21  |b GREch 
100 |a Greeinstein, Fred  |e (autor) 
245 1 0 |a Children and politics. 
264 |a Estados Unidos :  |b A Yale Paperbound,  |c 1967. 
300 |a 199 p. 
336 |a texto  |b txt  |2 rdacontenido 
337 |a sin mediación  |b n  |2 rdamedio 
338 |a volumen  |b nc  |2 rdasoporte 
649 |a XX 
650 |a Aprendizaje 
650 |a Desarrollo del niño 
650 |a Niño 
650 |a Políticas de educación 
650 |a Estados Unidos 
910 |a Fondo Centro de Estudios Educativos 
920 |a Impresos - Libros 
930 |a Fondos Especiales 
905 |a 133 
901 |a ALE024781  |b IT2  |c CEE  |u 20250521 
902 |a https://opac.biblio.iteso.mx/vufind/Record/000490226